| 000 | 01477cam a2200337 a 4500 | ||
|---|---|---|---|
| 001 | 301 | ||
| 005 | 20260409182536.0 | ||
| 008 | data | ||
| 003 | kkkk | ||
| 010 | _a 2009008051 | ||
| 020 | _a9780764142062 | ||
| 020 | _a0764142062 | ||
| 040 |
_aDLC _cDLC _dDLC |
||
| 050 | 0 | 0 |
_aQA43 _b.H595 2009 |
| 082 | 0 | 0 |
_a510.76 _222 |
| 092 | _a510.76 H595 2009 | ||
| 100 | 1 | _aHolm, Johanna heln. | |
| 245 | 1 | 0 |
_aBarron's GED math workbook / _cJohanna Holm & Johanna Holm. |
| 246 | 3 | 0 | _aGED math workbook |
| 250 | _a3rd ed. | ||
| 260 |
_aHauppauge, N.Y. : _bBarron's, _cc2009. |
||
| 300 |
_a228 p. : _bill. (some col.) ; _c28 cm. |
||
| 500 | _aRev. ed. of: Barron's math workbook for the GED. 2nd ed. c2003. | ||
| 505 | 0 | _aIntroduction to the GED -- Diagnostic test -- Skill building, number operations, and number sense -- Algebra, functions, and patterns -- Measurement -- Geometry -- Data analysis, staistics, and probability -- Practice tests. | |
| 520 | _aPresents a test review for the GED mathematics section, provides test-taking strategies, and includes four practice tests. | ||
| 650 | 0 |
_aMathematics _vExaminations, questions, etc. |
|
| 650 | 0 |
_aGeneral educational development tests _vStudy guides. |
|
| 700 | 1 |
_aHolm, Johanna. _tBarron's math workbook for the GED. |
|
| 856 | 4 | 2 |
_3Publisher description _uhttp://www.loc.gov/catdir/enhancements/fy0905/2009008051-d.html |
| 856 | 4 | 1 |
_3Table of contents only _uhttp://www.loc.gov/catdir/enhancements/fy0916/2009008051-t.html |
| 999 |
_c301 _d301 |
||